[Event "AUTO-ELITE-439"]
[Site "http://www.queenalice.com/game.php?id=680494"]
[Date "2009.11.10"]
[Round "1"]
[White "filipe_pinheiro"]
[Black "Miraguaiov"]
[Result "1/2-1/2"]
[WhiteElo "2263"]
[BlackElo "2414"]

1. d4 d5 2. c4 c6 3. Nf3 e6 4. Nc3 Nf6 5. Bg5 h6 6. Bxf6 Qxf6 7. e3 Nd7 8. Bd3
dxc4 9. Bxc4 g6 10. O-O Bg7 11. Qc2 O-O 12. Rac1 c5 13. dxc5 Nxc5 14. Rfd1 a5
15. Bb5 b6 16. Bc6 Rb8 17. b3 Ba6 18. Ne4 Nxe4 19. Qxe4 Rfd8 20. Nd4 e5 21. Nb5
Rxd1+ 22. Rxd1 Rd8 23. Rxd8+ Qxd8 24. h3 Kh7 25. Qc4 f5 26. Qf7 Qf6 27. Qc7 Bxb5
28. Bxb5 e4 29. g3 h5 30. Kg2 h4 31. gxh4 Qxh4 32. Qxb6 Qg5+ 33. Kf1 Qh5 34. Kg2
Qg5+ 1/2-1/2

[Event "AUTO-ELITE-439"]
[Site "http://www.queenalice.com/game.php?id=680495"]
[Date "2009.11.10"]
[Round "1"]
[White "Miraguaiov"]
[Black "filipe_pinheiro"]
[Result "1/2-1/2"]
[WhiteElo "2411"]
[BlackElo "2268"]

1. d4 d5 2. c4 c6 3. Nf3 Nf6 4. Nc3 dxc4 5. a4 Bf5 6. e3 e6 7. Bxc4 Bb4 8. O-O
Nbd7 9. Qe2 O-O 10. e4 Bg6 11. Bd3 Bh5 12. Bf4 Re8 13. e5 Nd5 14. Bd2 a5 15.
Nxd5 exd5 16. Bxb4 axb4 17. Rfe1 Qb6 18. Qe3 Bxf3 19. gxf3 c5 20. dxc5 Qxc5 21.
Qf4 Nf8 22. Rac1 Qb6 23. b3 Rac8 24. Bb5 Ng6 25. Qf5 Rxc1 26. Rxc1 Rd8 27. Bd3
Nf8 28. Qg4 Qh6 29. Rc2 Ne6 30. Bf5 d4 31. Bxe6 fxe6 32. Rc4 d3 33. Rd4 Rxd4 34.
Qxd4 Qg5+ 35. Kf1 Qc1+ 36. Kg2 Qg5+ 37. Kf1 Qc1+ 1/2-1/2

[Event "AUTO-ELITE-439"]
[Site "http://www.queenalice.com/game.php?id=680496"]
[Date "2009.11.10"]
[Round "1"]
[White "filipe_pinheiro"]
[Black "GMcruz"]
[Result "1-0"]
[WhiteElo "2266"]
[BlackElo "2208"]

1. d4 d5 2. c4 c6 3. Nf3 Nf6 4. Nc3 e6 5. e3 Nbd7 6. Qc2 Bd6 7. g4 Nxg4 8. Rg1
h5 9. h3 Nh6 10. Be2 g6 11. Bd2 Nf6 12. O-O-O Bd7 13. e4 dxe4 14. Nxe4 Nxe4 15.
Qxe4 Qe7 16. Bg5 Qf8 17. Bf6 Rg8 18. Ng5 Be7 19. Nh7 Bxf6 20. Nxf8 Rxf8 21. Qf4
Nf5 22. Qc7 Nxd4 23. Bd3 b6 24. Be4 Bd8 25. Qd6 Ne2+ 26. Kb1 1-0

[Event "AUTO-ELITE-439"]
[Site "http://www.queenalice.com/game.php?id=680497"]
[Date "2009.11.10"]
[Round "1"]
[White "GMcruz"]
[Black "filipe_pinheiro"]
[Result "0-1"]
[WhiteElo "2100"]
[BlackElo "2272"]

1. d4 d5 2. c4 c6 3. Nf3 Nf6 4. Nc3 dxc4 5. a4 Bf5 6. e3 e6 7. Bxc4 Bb4 8. O-O
Nbd7 9. Qe2 O-O 10. e4 Bg6 11. Bd3 Bh5 12. Rd1 e5 13. d5 cxd5 14. Bg5 Bxc3 15.
bxc3 Qa5 16. Bxf6 Nxf6 17. exd5 e4 18. Bxe4 Rfe8 19. Rd4 Nxd5 20. Qd3 Nxc3 21.
Bxh7+ Kh8 22. Rd7 Bxf3 23. gxf3 Ne2+ 24. Kf1 Qh5 25. Be4 Nf4 26. Qd4 Qh3+ 27.
Ke1 Qxf3 28. Kd2 Qe2+ 29. Kc3 Rxe4 30. Qd1 Qc4+ 31. Kb2 Qb4+ 0-1

[Event "Xadrez 58"]
[Site "http://www.queenalice.com/game.php?id=699079"]
[Date "2009.12.17"]
[Round "-"]
[White "patoche"]
[Black "filipe_pinheiro"]
[Result "1-0"]
[WhiteElo "2370"]
[BlackElo "2290"]

1. e4 c6 2. Nc3 d5 3. Qf3 d4 4. Bc4 e6 5. Nce2 c5 6. Qg3 Bd7 7. d3 Nc6 8. Nf3
Na5 9. Bb3 Ne7 10. Bf4 Rc8 11. O-O Ng6 12. Bd2 h5 13. h4 Be7 14. Ng5 Nxb3 15.
axb3 a6 16. f4 Bxg5 17. hxg5 h4 18. Qg4 Ne7 19. Ba5 b6 20. Be1 a5 21. Bxh4 Ng6
22. Bg3 f5 23. gxf6 Qxf6 24. Rae1 e5 25. Qf3 Rc6 26. fxe5 Nxe5 27. Qxf6 gxf6 28.
Rxf6 Rxf6 29. Bxe5 1-0

[Event "Xadrez 59"]
[Site "http://www.queenalice.com/game.php?id=701829"]
[Date "2009.12.22"]
[Round "-"]
[White "filipe_pinheiro"]
[Black "ArmandoAzevedo"]
[Result "1-0"]
[WhiteElo "2302"]
[BlackElo "2211"]

1. d4 Nf6 2. c4 c5 3. d5 d6 4. Nf3 Bf5 5. Nc3 h6 6. Qb3 Qb6 7. Nd2 g5 8. e4 Qxb3
9. axb3 Bd7 10. Be2 Na6 11. O-O Nb4 12. Bd1 Bg7 13. Na4 Rc8 14. Nc3 a6 15. Na4
O-O 16. Nb6 Rcd8 17. Nxd7 Nxd7 18. Nb1 Ne5 19. Nc3 Ned3 20. Be2 f5 21. Bd2 Bd4
22. exf5 Rxf5 23. Be3 Bxe3 24. fxe3 Rdf8 25. Rxf5 Rxf5 26. Rd1 Ne5 27. Ne4 Nc2
28. Ng3 Rf7 29. Nf1 Nb4 30. Ng3 g4 31. e4 Rf4 32. Rf1 Rxf1+ 33. Kxf1 Kf7 34. Nf5
h5 35. h3 Nc2 36. hxg4 hxg4 37. Kf2 Kf6 38. Kg3 1-0

[Event "Xadrez 60"]
[Site "http://www.queenalice.com/game.php?id=724784"]
[Date "2010.2.3"]
[Round "-"]
[White "filipe_pinheiro"]
[Black "stan"]
[Result "1/2-1/2"]
[WhiteElo "2289"]
[BlackElo "2314"]

1. d4 Nf6 2. c4 Nc6 3. Nf3 e6 4. Nc3 Bb4 5. Qc2 d6 6. e3 O-O 7. Be2 e5 8. O-O
Bxc3 9. bxc3 e4 10. Nd2 Bf5 1/2-1/2

[Event "Xadrez 61"]
[Site "http://www.queenalice.com/game.php?id=725897"]
[Date "2010.2.5"]
[Round "-"]
[White "filipe_pinheiro"]
[Black "ClivetheBeard"]
[Result "1-0"]
[WhiteElo "2297"]
[BlackElo "2330"]

1. d4 e5 2. dxe5 Nc6 3. Nf3 Qe7 4. Qd5 f6 5. exf6 Nxf6 6. Qb3 d5 7. Bg5 Bd7 8.
e3 O-O-O 9. Be2 Be6 10. Nd4 Nxd4 11. exd4 Bg4 12. f3 Re8 13. Nc3 c5 14. O-O-O
Bd7 15. Bb5 c4 16. Qa4 Bxb5 17. Qxb5 Qb4 18. Qxb4 Bxb4 19. Bxf6 gxf6 20. Nxd5
Ba5 21. Nxf6 Re2 22. g3 Rf8 23. Nxh7 Rxf3 24. Rhf1 Bd2+ 25. Kb1 Rfe3 26. Nf6 Re6
27. h4 Rb6 28. Nd5 Rd6 29. Nc3 Bxc3 30. bxc3 Re3 31. Rf8+ Kc7 32. Rf7+ Kc6 33.
g4 Rxc3 34. d5+ Rxd5 35. Rxd5 Kxd5 36. Rxb7 Rg3 37. g5 c3 38. a3 Rg1+ 39. Ka2
Rc1 40. Rxa7 Rxc2+ 41. Kb3 Rh2 42. Kxc3 Rxh4 43. g6 Rc4+ 44. Kd3 Rg4 45. g7 Rg3+
46. Ke2 Kc6 47. Kf2 Rg5 48. Kf3 1-0

[Event "Xadrez 62"]
[Site "http://www.queenalice.com/game.php?id=728339"]
[Date "2010.2.9"]
[Round "-"]
[White "Taurus"]
[Black "filipe_pinheiro"]
[Result "0-1"]
[WhiteElo "2110"]
[BlackElo "2321"]

1. e4 c6 2. d4 d5 3. e5 Bf5 4. Bd3 Bxd3 5. Qxd3 e6 6. Nf3 Qa5+ 7. Bd2 Qa6 8. Qe3
Nd7 9. Nc3 Ne7 10. Ne2 Nf5 11. Qb3 c5 12. c3 Be7 13. Ng3 Nxg3 14. hxg3 Rc8 15.
Qc2 cxd4 16. Rxh7 Rg8 17. Nxd4 Nxe5 18. O-O-O Qxa2 19. Rdh1 Qa1+ 20. Qb1 Nd3+
21. Kc2 Qxb1+ 22. Kxb1 Nxf2 23. Rh8 Kd7 24. Rxg8 Rxg8 25. Rh7 Ne4 26. Be1 Bf6
27. Kc2 e5 28. Nf5 Ke6 29. Ne3 b5 30. b4 Rc8 31. Kd3 Nxc3 0-1

[Event "Challenge"]
[Site "http://www.queenalice.com/game.php?id=728928"]
[Date "2010.2.9"]
[Round "-"]
[White "filipe_pinheiro"]
[Black "Taurus"]
[Result "1-0"]
[WhiteElo "2316"]
[BlackElo "2080"]

1. d4 d5 2. c4 Nf6 3. Nf3 Nc6 4. Nc3 Bf5 5. e3 e6 6. Qb3 Rb8 7. Bd2 Be7 8. Nh4
Be4 9. f3 Bg6 10. Nxg6 fxg6 11. cxd5 exd5 12. O-O-O a6 13. g4 g5 14. h4 Nd7 15.
hxg5 Bxg5 16. f4 Be7 17. Nxd5 Nf8 18. Bd3 Qd6 19. g5 g6 20. Kb1 Kd7 21. Nxe7
Qxe7 22. d5 Na7 23. Rc1 b5 24. Bb4 Qf7 25. Rxc7+ 1-0

[Event "AUTO-ELITE-439"]
[Site "http://www.queenalice.com/game.php?id=730232"]
[Date "2010.2.11"]
[Round "2"]
[White "pumamercedino"]
[Black "filipe_pinheiro"]
[Result "0-1"]
[WhiteElo "2485"]
[BlackElo "2315"]

1. e4 c6 2. d4 d5 3. e5 Bf5 4. h4 h6 5. g4 Bd7 6. h5 e6 7. f4 c5 8. c3 Nc6 9.
Nf3 Qb6 10. Bh3 Rc8 11. Kf1 cxd4 12. cxd4 Nxd4 13. Nxd4 Rxc1 14. Qxc1 Qxd4 15.
Qd2 Bc5 16. Qxd4 Bxd4 17. Nc3 Be3 18. Ne2 Bb5 19. Kg2 Bxe2 20. Rhe1 Bxf4 21.
Rxe2 Ne7 22. Rf1 Bg5 23. Kg3 O-O 24. Bg2 Rc8 25. Ref2 Rf8 26. Re1 Nc6 27. a3 Bd8
28. Rfe2 Nd4 29. Rd2 Bb6 30. Bf1 f6 31. exf6 gxf6 32. Red1 Nc6 33. Be2 Kf7 34.
Rd3 Rg8 35. Kh3 Ke7 36. Rb3 Rg5 37. Bf3 Na5 38. Rc3 Nc4 39. Rb3 Nd6 40. a4 Bc5
41. a5 b6 42. axb6 Bxb6 43. Rd2 d4 44. Re2 Re5 45. Rh2 Re3 46. Rxe3 dxe3 47. Kg2
Nc4 48. Kf1 Nd2+ 49. Ke2 Kd6 50. Rh1 Ke5 51. Bb7 Nb3 52. Rf1 a5 53. Bf3 Bd4 54.
Bc6 f5 55. g5 hxg5 56. h6 Kf6 57. Rh1 f4 58. Kd3 Be5 59. h7 Ke7 60. h8=Q Bxh8
61. Rxh8 e2 62. Rh1 g4 63. Ba8 f3 64. Ke3 Nd4 65. Be4 Kf6 66. Rc1 e5 67. Kf2 Kg5
68. Ke3 Nf5+ 69. Bxf5 Kxf5 70. Ra1 Kg5 71. b3 Kh4 72. Rg1 e4 0-1

[Event "AUTO-ELITE-439"]
[Site "http://www.queenalice.com/game.php?id=730233"]
[Date "2010.2.11"]
[Round "2"]
[White "filipe_pinheiro"]
[Black "pumamercedino"]
[Result "1/2-1/2"]
[WhiteElo "2311"]
[BlackElo "2475"]

1. d4 Nf6 2. c4 g6 3. Nc3 Bg7 4. Nf3 d6 5. e4 O-O 6. Be2 Bg4 7. Be3 Nfd7 8. Rc1
c5 9. d5 Qa5 10. Nd2 Bxe2 11. Qxe2 Nb6 12. O-O N8d7 13. a3 Na4 14. Nxa4 Qxa4 15.
Rb1 Rab8 16. Qg4 Ne5 17. Qh4 Rfe8 18. Bg5 e6 19. Bh6 Bxh6 20. Qxh6 exd5 21. cxd5
Qd4 22. Nf3 Nxf3+ 23. gxf3 Re5 24. Rfd1 Qa4 25. Qe3 Rbe8 26. b4 b6 27. bxc5 bxc5
28. Qb3 Qd7 29. Kh1 Qh3 30. Rg1 f5 31. Rg3 Qh4 32. exf5 Rxf5 33. Qb5 Qe7 34. Qc6
Re5 35. Kg2 Re2 36. Qb7 Qe5 37. Qc6 Qf6 38. Qa4 Kh8 39. Rb7 R8e7 40. Rxa7 Rxf2+
41. Kxf2 Qb2+ 42. Kf1 Qc1+ 43. Kg2 Re2+ 44. Kh3 Qh6+ 45. Qh4 Rxh2+ 46. Kxh2
Qxh4+ 47. Kg2 Qf6 48. Rg4 1/2-1/2

[Event "AUTO-ELITE-439"]
[Site "http://www.queenalice.com/game.php?id=730236"]
[Date "2010.2.11"]
[Round "2"]
[White "filipe_pinheiro"]
[Black "Miraguaiov"]
[Result "1/2-1/2"]
[WhiteElo "2317"]
[BlackElo "2471"]

1. d4 d5 2. c4 c6 3. Nf3 Nf6 4. Nc3 e6 5. e3 Nbd7 6. Qc2 Bd6 7. g4 dxc4 8. Bxc4
e5 9. g5 Nd5 10. Ne4 Bc7 11. Bd2 exd4 12. Nxd4 N7b6 13. Bd3 Qe7 14. O-O-O a5 15.
a3 Bg4 16. Rdg1 Bh3 17. f4 a4 18. Rg3 Bd7 19. Rf1 Bc8 20. h4 g6 21. h5 Rg8 22.
hxg6 hxg6 23. Rd1 Bd7 24. Ne2 O-O-O 25. Nc5 Bd6 26. Nxa4 Nxa4 27. Qxa4 Be6 28.
Kb1 Kb8 29. Ba5 Bc7 30. Nd4 Rge8 31. Rc1 Nb6 32. Qc2 Rxd4 33. exd4 Bxf4 34. Bxb6
Bxg3 35. Qa4 Bd5 36. Qa7+ Kc8 37. Qa8+ Bb8 38. Ba7 Kc7 39. Bxb8+ Rxb8 40. Qa5+
Kd7 41. Qd2 Re8 42. Rg1 Qe3 43. Qxe3 Rxe3 44. Kc2 Kd6 45. Kd2 Rh3 46. Be2 Be6
47. Bg4 Rh4 48. Bxe6 fxe6 49. Kc3 Kd5 50. Rf1 Rg4 51. Rf7 Rg3+ 52. Kb4 Rxg5 53.
Rxb7 Kxd4 54. a4 Rg2 55. b3 g5 56. Rd7+ Ke4 57. Kc5 Rc2+ 58. Kd6 c5 59. Rg7 Kf5
60. Rf7+ Kg6 61. Rf1 g4 62. Kxe6 Kg5 63. Rg1 Rd2 64. Ke5 Rb2 1/2-1/2

[Event "AUTO-ELITE-439"]
[Site "http://www.queenalice.com/game.php?id=730237"]
[Date "2010.2.11"]
[Round "2"]
[White "Miraguaiov"]
[Black "filipe_pinheiro"]
[Result "1-0"]
[WhiteElo "2441"]
[BlackElo "2310"]

1. d4 d5 2. c4 c6 3. Nf3 Nf6 4. e3 e6 5. Nc3 Nbd7 6. Qc2 Bd6 7. b3 O-O 8. Bb2 e5
9. cxd5 cxd5 10. dxe5 Nxe5 11. Nxe5 Bxe5 12. Bd3 Be6 13. Ne2 Rc8 14. Qd2 Qd6 15.
Bxe5 Qxe5 16. Nd4 Ng4 17. h3 Nf6 18. O-O Qg5 19. f4 Qh5 20. Nxe6 fxe6 21. Rac1
b6 22. Rc3 Rxc3 23. Qxc3 Qf7 24. Rc1 Nd7 25. Bb5 Nc5 26. b4 Ne4 27. Qe5 Qg6 28.
g4 Kh8 29. Bd3 Ng5 30. Bxg6 Nf3+ 31. Kg2 Nxe5 32. fxe5 hxg6 33. Rc7 1-0

[Event "Xadrez 63"]
[Site "http://www.queenalice.com/game.php?id=760549"]
[Date "2010.4.13"]
[Round "-"]
[White "filipe_pinheiro"]
[Black "chessman"]
[Result "1-0"]
[WhiteElo "2322"]
[BlackElo "1967"]

1. d4 d5 2. c4 e6 3. Nc3 Nf6 4. Nf3 Be7 5. Bg5 O-O 6. e3 c6 7. Qc2 Nfd7 8. Bf4
Nf6 9. Bd3 h6 10. h3 a6 11. c5 b5 12. cxb6 Qxb6 13. O-O Nbd7 14. Na4 Qa7 15.
Qxc6 Bb7 16. Qc2 Rac8 17. Qe2 Nb6 18. Nxb6 Qxb6 19. Rfc1 Bd6 20. Bxd6 Qxd6 21.
Qd2 Qb6 22. Rxc8 Rxc8 23. Rc1 Nd7 24. Rxc8+ Bxc8 25. b4 Nf6 26. Qc3 Bd7 27. Qc5
Qb7 28. Qa5 Bb5 29. Bxb5 axb5 30. Qd8+ Kh7 31. Ne5 Qa7 32. Qa5 Qb7 33. a4 bxa4
34. Qxa4 Ne4 35. Qb3 Qb5 36. f3 Nd6 37. Kf2 Kg8 38. Qc3 Qa6 39. Qc6 Qa2+ 40. Kg1
Qb1+ 41. Kh2 Qxb4 42. Qa8+ Kh7 43. Qf8 Qb6 44. Nxf7 Nxf7 45. Qxf7 Qd6+ 46. Kh1
Kh8 47. e4 dxe4 48. fxe4 Qc6 49. d5 exd5 50. exd5 Qd6 51. Qf5 Kg8 52. h4 Kh8 53.
h5 Kg8 54. Kg1 Qc5+ 55. Kh2 Qd6+ 56. Kh3 Kh8 57. g3 Kg8 58. Qe6+ Qxe6+ 59. dxe6
Kf8 60. Kg4 Ke8 61. Kf5 1-0

[Event "Challenge"]
[Site "http://www.queenalice.com/game.php?id=776896"]
[Date "2010.5.17"]
[Round "-"]
[White "leonard99"]
[Black "filipe_pinheiro"]
[Result "0-1"]
[WhiteElo "1808"]
[BlackElo "2332"]

1. d4 d5 2. e3 Nf6 3. h3 Bf5 4. Bb5+ c6 5. Ba4 Qa5+ 6. Nc3 Ne4 7. Ne2 Nd7 8. O-O
e6 9. Nxe4 Qxa4 10. N2c3 Qa5 11. Ng3 Bg6 12. Bd2 Qb6 13. Na4 Qc7 14. Re1 Bd6 15.
Qf3 O-O-O 16. e4 Bxg3 17. Qxg3 Qxg3 18. fxg3 Bxe4 19. Rac1 Rde8 20. Nc3 f5 21.
Bf4 h6 22. Nxe4 fxe4 23. c4 Kd8 24. c5 e5 25. Be3 Rhf8 26. Rf1 g5 27. Rxf8 Rxf8
28. b4 a6 29. a3 Ke7 30. Rd1 Ke6 31. Rd2 exd4 32. Bxd4 Ne5 33. Rf2 Rxf2 34. Kxf2
Nc4 35. a4 Na3 36. Bg7 h5 37. Bh6 g4 38. Ke3 Kf5 39. Bf4 Nc2+ 40. Kd2 Nxb4 41.
Kc3 Nd3 42. Kb3 Nxf4 43. gxf4 Kxf4 44. a5 Kg3 0-1

[Event "Xadrez 64"]
[Site "http://www.queenalice.com/game.php?id=778616"]
[Date "2010.5.21"]
[Round "-"]
[White "filipe_pinheiro"]
[Black "plonius"]
[Result "0-1"]
[WhiteElo "2327"]
[BlackElo "2385"]

1. d4 d5 2. c4 e6 3. Nc3 Nf6 4. Nf3 Be7 5. Bg5 O-O 6. e3 h6 7. Bf4 Nc6 8. Be2
Nh5 9. Bg3 Na5 10. cxd5 Nxg3 11. hxg3 exd5 12. Qc2 Be6 13. O-O-O Rc8 14. Kb1 c5
15. dxc5 Rxc5 16. Rh5 Bf6 17. Nd4 Nc4 18. g4 b5 19. Bxc4 Rxc4 20. Nxe6 fxe6 21.
Qg6 Qe8 22. Qxe8 Rxe8 23. g5 Bxc3 24. bxc3 hxg5 25. Rxg5 Rec8 26. f4 Kf7 27. g4
Re4 28. f5 Rxc3 29. fxe6+ Kxe6 30. Rxg7 Rb4+ 31. Ka1 Rxe3 32. Rg6+ Ke7 33. Ra6
Rg3 34. a3 Rbb3 35. a4 Ra3+ 36. Kb2 bxa4 37. Rxd5 Rgb3+ 0-1

[Event "Xadrez 66"]
[Site "http://www.queenalice.com/game.php?id=820015"]
[Date "2010.8.18"]
[Round "-"]
[White "filipe_pinheiro"]
[Black "amarkin"]
[Result "0-1"]
[WhiteElo "2324"]
[BlackElo "2439"]

1. d4 Nf6 2. c4 g6 3. Nc3 d5 4. cxd5 Nxd5 5. e4 Nxc3 6. bxc3 c5 7. Nf3 Bg7 8.
Rb1 O-O 9. Be2 Nc6 10. d5 Bxc3+ 11. Bd2 Bxd2+ 12. Qxd2 Na5 13. O-O Bg4 14. Qh6
Bxf3 15. Bxf3 Qc7 16. Qe3 b6 17. Rfe1 Qe5 18. Be2 e6 19. f4 Qc7 20. dxe6 fxe6
21. Rf1 Rad8 22. Bg4 Qe7 23. Qh3 Rfe8 24. e5 Rd4 25. Be2 c4 26. Qc3 Re4 27. Bg4
Qc5+ 28. Kh1 Re3 29. Qc2 Nc6 30. Rbc1 c3 31. h3 Nd4 32. Qf2 Rd3 33. Rfd1 Rxd1+
0-1

[Event "Xadrez 67"]
[Site "http://www.queenalice.com/game.php?id=829372"]
[Date "2010.9.7"]
[Round "-"]
[White "filipe_pinheiro"]
[Black "Thomas_A_Anderson"]
[Result "0-1"]
[WhiteElo "2333"]
[BlackElo "2422"]

1. d4 Nf6 2. c4 c6 3. Nf3 d5 4. Nc3 e6 5. e3 Nbd7 6. Qc2 Bd6 7. g4 h6 8. h3 e5
9. Bd2 O-O 10. g5 exd4 11. Nxd4 hxg5 12. O-O-O Nc5 13. cxd5 Nxd5 14. Nxd5 cxd5
15. Bg2 Bd7 16. Bxd5 Rc8 17. Bc3 Na4 18. Ne2 Be5 19. Bb3 Nxc3 20. Nxc3 Rc7 21.
Kb1 Bxc3 22. bxc3 Qf6 23. c4 b5 24. c5 Rfc8 0-1

[Event "Xadrez 68"]
[Site "http://www.queenalice.com/game.php?id=829412"]
[Date "2010.9.7"]
[Round "-"]
[White "Thomas_A_Anderson"]
[Black "filipe_pinheiro"]
[Result "1-0"]
[WhiteElo "2542"]
[BlackElo "2332"]

1. e4 c6 2. d4 d5 3. Nc3 dxe4 4. Nxe4 Nf6 5. Nxf6+ gxf6 6. c3 Bf5 7. Nf3 Nd7 8.
g3 Qa5 9. Qe2 O-O-O 10. Bg2 Qa4 11. b3 Qa5 12. Bd2 Bh6 13. O-O Bxd2 14. Qxd2 Be6
15. Qb2 Kb8 16. Rfe1 Qh5 17. Nd2 Rhe8 18. c4 Bh3 19. Bf3 Bg4 20. Bxg4 Qxg4 21.
Re4 Qg7 22. Rae1 e6 23. Nf3 f5 24. R4e3 f4 25. Rd3 Rg8 26. b4 Qf6 27. c5 Qf5 28.
Rb3 Ka8 29. Rb1 e5 30. b5 cxb5 31. Ra3 fxg3 32. hxg3 exd4 33. Nxd4 Qxc5 34. Nxb5
a6 35. Nd6 Rb8 36. Nxb7 Qc6 37. Qc2 1-0

[Event "Xadrez 69"]
[Site "http://www.queenalice.com/game.php?id=839111"]
[Date "2010.9.29"]
[Round "-"]
[White "filipe_pinheiro"]
[Black "cazzo"]
[Result "1/2-1/2"]
[WhiteElo "2333"]
[BlackElo "2313"]

1. d4 d5 2. c4 e5 3. dxe5 d4 4. Nf3 Nc6 5. g3 Nge7 6. Bg2 Ng6 7. Bg5 Qd7 8. O-O
h6 9. Bf4 Nxf4 10. gxf4 g5 11. Na3 gxf4 12. Nb5 Bc5 13. Qa4 Rg8 14. Kh1 Kf8 15.
Rad1 Qe7 16. Qc2 a6 17. Nbxd4 Nxd4 18. Nxd4 Qxe5 19. Nf3 Qf6 20. Rd5 Be7 21. Qd2
b6 22. Ne5 Bd6 23. Qd4 Qg7 24. Rg1 Bxe5 1/2-1/2